[Event "SC Buer-Hassel 1 - SV Kamen 2"]
[Site "Verbandsliga - Gruppe 1 2021/"]
[Date "2022.05.29"]
[Round "5.2"]
[White "Hammerich, Simon"]
[Black "Bals, Jochen"]
[Result "1-0"]
[WhiteElo "2075"]
[BlackElo "1917"]
[PlyCount "91"]
[EventDate "2022.??.??"]
[WhiteTeam "SC Buer-Hassel 1"]
[BlackTeam "SV Kamen 2"]

1. e4 c5 2. Nf3 g6 3. d4 cxd4 4. Qxd4 Nf6 5. Nc3 Nc6 6. Qa4 d6 7. e5 dxe5 8.
Nxe5 Qd4 9. Nxc6 Qxa4 10. Nxa4 bxc6 11. Bd3 Bg7 12. O-O O-O 13. Re1 Re8 14. Be3
Bf5 15. Bxf5 gxf5 16. Bd4 Rad8 17. Rad1 Nd5 18. Bxg7 Kxg7 19. Kf1 Kf6 20. Ke2
e5 21. g3 Rb8 22. c4 Rb4 23. cxd5 Rxa4 24. dxc6 Rxa2 25. Rd2 Rc8 26. Rc1 Ke6
27. c7 Ke7 28. Rcc2 Ra6 29. Rd5 f6 30. f4 exf4 31. gxf4 Rb6 32. Rxf5 Rb7 33.
Rh5 Ke6 34. Rxh7 Kd6 35. Kf3 Rb3+ 36. Kg4 Ke6 37. Rg7 Rb5 38. h4 Rb3 39. Rc6+
Kd5 40. Rxf6 Rxb2 41. Rg5+ Kd4 42. Rd6+ Kc4 43. Rc6+ Kd4 44. h5 Rb7 45. Rgc5
Rg8+ 46. Kf5 1-0

[Event "SC Buer-Hassel 1 - SV Kamen 2"]
[Site "Verbandsliga - Gruppe 1 2021/"]
[Date "2022.05.29"]
[Round "5.3"]
[White "Spaeh, Jan Lukas"]
[Black "Wolff, Christoph"]
[Result "1/2-1/2"]
[WhiteElo "1863"]
[BlackElo "1978"]
[Annotator "daniel"]
[PlyCount "113"]
[EventDate "2022.??.??"]
[WhiteTeam "SV Kamen 2"]
[BlackTeam "SC Buer-Hassel 1"]

1. d4 Nf6 2. Nc3 d5 3. Bf4 g6 4. e3 Bg7 5. Nb5 Na6 6. h3 Bf5 7. g4 Bd7 8. Nf3
c6 9. Nc3 Qb6 10. Rb1 Ne4 11. Nxe4 dxe4 12. Nd2 Be6 13. Bc4 Bxc4 14. Nxc4 Qb4+
15. Nd2 c5 16. c3 Qb5 17. Nxe4 cxd4 18. exd4 O-O 19. Qe2 Qd5 20. O-O Qxa2 21.
Rfe1 Rfe8 22. Be5 f6 23. Bg3 Qd5 24. Qf3 Rad8 25. Re2 Qd7 26. Rbe1 b6 27. Ra1
Nb8 28. Bxb8 Rxb8 29. Kg2 Rbc8 30. Ng3 Rc7 31. Rae1 Qb5 32. Qe4 e5 33. dxe5
Rxe5 34. Qa8+ Kf7 35. Rxe5 fxe5 36. Ne4 Qc6 37. Qxc6 Rxc6 38. Rd1 Ke7 39. Rd5
Rc4 40. Kf3 Rc8 41. Ke2 Rf8 42. f3 Rc8 43. Rd1 Rc7 44. Ra1 Rd7 45. h4 Bf6 46.
Rh1 h6 47. h5 g5 48. Ra1 Ke6 49. Ra4 Rc7 $11 50. Ng3 Be7 51. Nf5 Bf8 52. Ke3
Kd5 53. Kd3 a5 54. Re4 b5 55. b3 Ke6 56. c4 a4 57. bxa4 1/2-1/2

[Event "SC Buer-Hassel 1 - SV Kamen 2"]
[Site "Verbandsliga - Gruppe 1 2021/"]
[Date "2022.05.29"]
[Round "5.4"]
[White "Winzbeck, Frank"]
[Black "Riemer, Dominik"]
[Result "1-0"]
[WhiteElo "1870"]
[BlackElo "1774"]
[PlyCount "65"]
[EventDate "2022.??.??"]
[WhiteTeam "SC Buer-Hassel 1"]
[BlackTeam "SV Kamen 2"]

1. d4 Nf6 2. c4 g6 3. Nc3 Bg7 4. e4 d6 5. f4 e5 6. fxe5 dxe5 7. d5 O-O 8. Bg5
h6 9. Bh4 a6 10. Nf3 Qd6 11. Bd3 Nh7 12. Qd2 f5 13. Bf2 Nd7 14. a3 fxe4 15.
Nxe4 Qe7 16. b4 Ndf6 17. Bc5 Nxe4 18. Bxe4 Qe8 19. Bxf8 Qxf8 20. O-O Bf5 21.
Nh4 Ng5 22. Bxf5 gxf5 23. Nxf5 Bf6 24. h4 Ne4 25. Nxh6+ Kh8 26. Qe3 Ng3 27. Ng4
Nxf1 28. Rxf1 Qg7 29. Nxf6 Rf8 30. Qxe5 Qh6 31. Nd7+ Kh7 32. Nxf8+ Kg8 33. Qg5+
1-0

[Event "SC Buer-Hassel 1 - SV Kamen 2"]
[Site "Verbandsliga - Gruppe 1 2021/"]
[Date "2022.05.29"]
[Round "5.5"]
[White "Grundmann, Wolfgang-Udo"]
[Black "Gritzan, Ulrich"]
[Result "0-1"]
[WhiteElo "1597"]
[BlackElo "1851"]
[PlyCount "84"]
[EventDate "2022.??.??"]
[WhiteTeam "SV Kamen 2"]
[BlackTeam "SC Buer-Hassel 1"]

1. e4 c5 2. Nf3 Nf6 3. Nc3 Nc6 4. a3 e6 5. d3 Be7 6. Be2 d5 7. exd5 exd5 8. Bf4
O-O 9. h3 h6 10. O-O Bf5 11. Re1 Re8 12. Qd2 Rc8 13. Bf1 Qd7 14. Ne5 Nxe5 15.
Bxe5 d4 16. Ne2 Nd5 17. Bh2 Bg5 18. Qd1 Re6 19. Ng3 Rxe1 20. Qxe1 Re8 21. Qd1
Bg6 22. Qf3 Nf6 23. b4 b6 24. bxc5 bxc5 25. Rb1 Qa4 26. Rb3 Bc1 27. Nf5 Bxf5
28. Qxf5 Bxa3 29. Be5 Nd7 30. Bd6 Bb4 31. Rb1 Re6 32. Qd5 Nb6 33. Qb7 Qd7 34.
Qxd7 Nxd7 35. Bc7 a5 36. g3 a4 37. Bg2 Nf6 38. Bd8 Re2 39. Bxf6 gxf6 40. Bc6 a3
41. Ba4 a2 42. Ra1 Re1+ 0-1

[Event "SC Buer-Hassel 1 - SV Kamen 2"]
[Site "Verbandsliga - Gruppe 1 2021/"]
[Date "2022.05.29"]
[Round "5.6"]
[White "Semina, Svetlana"]
[Black "Demmich, Kai"]
[Result "1/2-1/2"]
[WhiteElo "2103"]
[BlackElo "780"]
[PlyCount "43"]
[EventDate "2022.??.??"]
[WhiteTeam "SC Buer-Hassel 1"]
[BlackTeam "SV Kamen 2"]

1. e4 c6 2. d4 d5 3. e5 Bf5 4. f4 e6 5. Nf3 c5 6. c3 Nc6 7. Be3 Qb6 8. Qd2 Be7
9. Be2 Rd8 10. O-O h6 11. Kh1 a6 12. a4 Na5 13. dxc5 Qc7 14. Nd4 Nc4 15. Qc1
Nxe3 16. Qxe3 Bxc5 17. Nd2 Ne7 18. N2b3 Ba7 19. Qd2 Bg6 20. Bd3 Bxd3 21. Qxd3
Nc6 22. Nxc6 1/2-1/2

[Event "SC Buer-Hassel 1 - SV Kamen 2"]
[Site "Verbandsliga - Gruppe 1 2021/"]
[Date "2022.05.29"]
[Round "5.7"]
[White "Riemer, Jannick"]
[Black "Strohmann, Andreas"]
[Result "1-0"]
[WhiteElo "1238"]
[BlackElo "1831"]
[PlyCount "47"]
[EventDate "2022.??.??"]
[WhiteTeam "SV Kamen 2"]
[BlackTeam "SC Buer-Hassel 1"]

1. b4 d5 2. Bb2 e6 3. e3 Nf6 4. a3 c5 5. c4 cxb4 6. axb4 Bxb4 7. Qa4+ Nc6 8.
Bxf6 Qxf6 9. cxd5 exd5 10. Bb5 Bd7 11. Nf3 O-O 12. O-O a6 13. Bxc6 Bxc6 14.
Qxb4 Qxa1 15. Nc3 Qxf1+ 16. Kxf1 a5 17. Qc5 a4 18. Nd4 Rfc8 19. Nf5 Rcb8 20.
Qd4 f6 21. Nxd5 Bxd5 22. Qxd5+ Kf8 23. Qe6 Re8 24. Qd7 1-0

[Event "SC Buer-Hassel 1 - SV Kamen 2"]
[Site "Verbandsliga - Gruppe 1 2021/"]
[Date "2022.05.29"]
[Round "5.8"]
[White "Lazarev, Vadim"]
[Black "Koehler, Lars-Erik"]
[Result "1/2-1/2"]
[WhiteElo "1814"]
[BlackElo "913"]
[PlyCount "33"]
[EventDate "2022.??.??"]
[WhiteTeam "SC Buer-Hassel 1"]
[BlackTeam "SV Kamen 2"]

1. e4 Nc6 2. d4 e5 3. Nf3 exd4 4. Bc4 Nf6 5. e5 Qe7 6. O-O Ng4 7. h3 Ngxe5 8.
Nxe5 Nxe5 9. Re1 Qc5 10. Qe2 Bd6 11. Bf4 O-O 12. Bxe5 Bxe5 13. Bxf7+ Rxf7 14.
Qxe5 d6 15. Qxc5 dxc5 16. Re8+ Rf8 17. Re7 1/2-1/2

[Event "SV Waltrop 1 - SV Bönen 1"]
[Site "Verbandsliga - Gruppe 1 2021/"]
[Date "2022.05.29"]
[Round "5.2"]
[White "Atali, Dogukan"]
[Black "Merz, Martin"]
[Result "0-1"]
[WhiteElo "1950"]
[BlackElo "1968"]
[PlyCount "56"]
[EventDate "2022.??.??"]
[WhiteTeam "SV Waltrop 1"]
[BlackTeam "SV Bönen 1"]

1. e4 c5 2. Nf3 d6 3. Bb5+ Bd7 4. Bxd7+ Qxd7 5. c4 Nc6 6. Nc3 Nf6 7. d4 cxd4 8.
Nxd4 g6 9. f3 Bg7 10. Be3 O-O 11. O-O Rac8 12. b3 Qd8 13. Rf2 a6 14. Rc1 Qa5
15. Nxc6 bxc6 16. Rfc2 Nd7 17. Na4 c5 18. Qe2 Nb8 19. f4 Nc6 20. Bd2 Qc7 21.
Bc3 Bd4+ 22. Kh1 e6 23. Rd1 Rce8 24. Rd3 f5 25. Rh3 e5 26. fxe5 Rxe5 27. Qd2
fxe4 28. g3 Rf1+ 0-1

[Event "SV Waltrop 1 - SV Bönen 1"]
[Site "Verbandsliga - Gruppe 1 2021/"]
[Date "2022.05.29"]
[Round "5.3"]
[White "Fuest, Torsten"]
[Black "Breidenbach, Rolf"]
[Result "1/2-1/2"]
[WhiteElo "1916"]
[BlackElo "1937"]
[PlyCount "128"]
[EventDate "2022.??.??"]
[WhiteTeam "SV Bönen 1"]
[BlackTeam "SV Waltrop 1"]

1. d4 g6 2. Nf3 c6 3. c3 d5 4. Bf4 Bg7 5. Nbd2 Nf6 6. h3 Qb6 7. Qb3 Bf5 8. e3
Nbd7 9. Be2 O-O 10. O-O Ne4 11. g4 Nxd2 12. Nxd2 Be6 13. c4 dxc4 14. Nxc4 Bxc4
15. Bxc4 Qxb3 16. Bxb3 e5 17. dxe5 Nxe5 18. Rad1 Rad8 19. Kg2 h6 20. Bc2 g5 21.
Bg3 Rfe8 22. b3 c5 23. a4 b6 24. Rxd8 Rxd8 25. Rd1 Rxd1 26. Bxd1 Kf8 27. Bc2
Ke7 28. Be4 Nd7 29. f4 Bc3 30. Kf3 f6 31. Bb7 Bb2 32. Be4 Bc1 33. Bf5 Bb2 34.
Ke4 a6 35. h4 b5 36. axb5 axb5 37. fxg5 fxg5 38. Kd5 c4 39. bxc4 bxc4 40. Kxc4
gxh4 41. Bxh4+ Nf6 42. Bg3 Kf7 43. Bf4 h5 44. g5 Ne8 45. Kd5 Ng7 46. Bh3 Bc1
47. Ke5 Kg6 48. e4 Bb2+ 49. Kd5 h4 50. e5 Nh5 51. Be3 Ba3 52. Ke6 Ng3 53. Bg2
Bb2 54. Kd5 Ba3 55. Bh3 Be7 56. e6 Nf5 57. Bf4 Ng7 58. Ke5 Bxg5 59. Bxg5 Kxg5
60. e7 Kg6 61. Kd6 Kf7 62. Kd7 Kf6 63. e8=Q Nxe8 64. Kxe8 Kg5 1/2-1/2

[Event "SV Waltrop 1 - SV Bönen 1"]
[Site "Verbandsliga - Gruppe 1 2021/"]
[Date "2022.05.29"]
[Round "5.5"]
[White "Wegner, Stephan"]
[Black "Dunsche, Daniel"]
[Result "0-1"]
[WhiteElo "1753"]
[BlackElo "1877"]
[PlyCount "118"]
[EventDate "2022.??.??"]
[WhiteTeam "SV Bönen 1"]
[BlackTeam "SV Waltrop 1"]

1. e4 c6 2. d4 d5 3. exd5 cxd5 4. c4 Nf6 5. Nc3 Nc6 6. Nf3 Bg4 7. Be3 e6 8. c5
Qa5 9. Qb3 O-O-O 10. Be2 Bxc5 11. dxc5 d4 12. Nxd4 Nxd4 13. Bxd4 Rxd4 14. Qb5
Qc7 15. Rc1 a6 16. Qb6 Qxb6 17. cxb6 Kb8 18. a3 Bxe2 19. Kxe2 Rd6 20. Na4 Nd5
21. Rhd1 Rhd8 22. g3 Rc8 23. Nc5 Rcc6 24. b4 Nxb6 25. Rxd6 Rxd6 26. Ne4 Rd7 27.
h4 Nd5 28. Nc5 Rc7 29. Kd3 Ka7 30. Rb1 b6 31. Na4 Kb7 32. Rb3 Rc1 33. Kd2 Ra1
34. Nc3 Nf6 35. Ke3 Rc1 36. Ne2 Rc2 37. Nf4 Ng4+ 38. Kf3 Nxf2 39. Nh5 g6 40.
Nf6 h5 41. Ne8 f5 42. Kf4 Ne4 43. Ke5 Re2 44. Nd6+ Nxd6+ 45. Kxd6 e5 46. Rc3 e4
47. Rc7+ Kb8 48. Rg7 Rd2+ 49. Kc6 Rd8 50. Re7 b5 51. Rb7+ Ka8 52. Re7 Rf8 53.
Re6 Rg8 54. Kb6 Kb8 55. Kxa6 Kc7 56. Kxb5 Kd7 57. Rc6 g5 58. Rf6 e3 59. Rxf5 e2
0-1

[Event "SV Waltrop 1 - SV Bönen 1"]
[Site "Verbandsliga - Gruppe 1 2021/"]
[Date "2022.05.29"]
[Round "5.6"]
[White "Hanfgarn, Linus"]
[Black "Volling, Andreas"]
[Result "1/2-1/2"]
[WhiteElo "1616"]
[BlackElo "1814"]
[PlyCount "57"]
[EventDate "2022.??.??"]
[WhiteTeam "SV Waltrop 1"]
[BlackTeam "SV Bönen 1"]

1. e4 e5 2. Nc3 Nf6 3. f4 d5 4. fxe5 Nxe4 5. Nf3 Bc5 6. d4 Be7 7. Bd3 f5 8. O-O
O-O 9. Qe2 c5 10. Nxd5 cxd4 11. Nxe7+ Qxe7 12. Bxe4 fxe4 13. Qxe4 Bf5 14. Qxd4
Nc6 15. Qc4+ Be6 16. Qe2 Bd5 17. Bd2 Qc5+ 18. Be3 Qb4 19. c3 Qe4 20. Qd2 Nxe5
21. Nxe5 Qxe5 22. Bf4 Qh5 23. Qc2 Rfe8 24. Rfe1 Rxe1+ 25. Rxe1 Re8 26. Rxe8+
Qxe8 27. Qd2 Bxa2 28. Qe3 Qa4 29. Kf2 1/2-1/2

[Event "SV Waltrop 1 - SV Bönen 1"]
[Site "Verbandsliga - Gruppe 1 2021/"]
[Date "2022.05.29"]
[Round "5.8"]
[White "Krolik, Wilfried"]
[Black "Poppenberg, Lars"]
[Result "1/2-1/2"]
[WhiteElo "1559"]
[BlackElo "1471"]
[PlyCount "36"]
[EventDate "2022.??.??"]
[WhiteTeam "SV Waltrop 1"]
[BlackTeam "SV Bönen 1"]

1. e4 e5 2. Nf3 Nc6 3. Bb5 Bc5 4. c3 a6 5. Ba4 b5 6. Bc2 Nf6 7. O-O O-O 8. d4
Bd6 9. Bg5 Bb7 10. Re1 Re8 11. Nbd2 h6 12. Bh4 exd4 13. cxd4 Be7 14. e5 Nd5 15.
Bxe7 Ncxe7 16. Nf1 Nf4 17. Ng3 d6 18. Be4 d5 1/2-1/2

[Event "Sport Union Annen 1 - Bochumer SV 2"]
[Site "Verbandsliga - Gruppe 1 2021/"]
[Date "2022.05.29"]
[Round "5.1"]
[White "Kraemer, Matthias"]
[Black "Wicht, Juergen"]
[Result "0-1"]
[WhiteElo "2199"]
[BlackElo "2018"]
[Annotator "daniel"]
[PlyCount "104"]
[EventDate "2022.??.??"]
[WhiteTeam "Bochumer SV 2"]
[BlackTeam "Sport Union Annen 1"]

1. e4 d6 2. d4 Nf6 3. Nc3 e5 4. Nf3 Nbd7 5. Be2 Be7 6. g4 exd4 7. Nxd4 Nc5 8.
Bf3 g6 9. g5 Nfd7 10. Nd5 Nb6 11. h4 c6 12. Nxe7 Qxe7 13. Qe2 d5 14. exd5 Qxe2+
15. Kxe2 cxd5 16. Nb5 Ne6 17. Be3 Ke7 18. Rhd1 Rd8 19. Bd2 f6 20. gxf6+ Kxf6
21. Nc7 Nd4+ 22. Ke3 Nxc2+ 23. Ke2 Nd4+ 24. Ke3 Nc2+ 25. Kf4 Nxa1 26. Nxa8 Nxa8
27. Rxa1 Be6 28. Be3 Nb6 29. Bd4+ Kf7 30. h5 Bf5 31. Rc1 Rd7 32. b3 Na8 33. Rc8
Nc7 34. Rb8 Ne6+ 35. Ke3 Ng5 36. Bxa7 Nxf3 37. Kxf3 gxh5 $11 38. Bd4 Bg6 39.
Rc8 Ke6 40. b4 Rf7+ 41. Kg3 h4+ 42. Kg4 Rf5 43. Rc3 h5+ 44. Kh3 Rf4 45. Re3+
Kd7 46. Bc5 Bf5+ 47. Kg2 h3+ 48. Kg1 d4 49. Re5 Be6 50. Rxh5 d3 51. Kf1 d2 52.
Rh7+ Rf7 0-1

[Event "Sport Union Annen 1 - Bochumer SV 2"]
[Site "Verbandsliga - Gruppe 1 2021/"]
[Date "2022.05.29"]
[Round "5.2"]
[White "Mainka, Gregor"]
[Black "Spiess, Timo-Christian"]
[Result "1-0"]
[WhiteElo "2121"]
[BlackElo "2082"]
[PlyCount "85"]
[EventDate "2022.??.??"]
[WhiteTeam "Sport Union Annen 1"]
[BlackTeam "Bochumer SV 2"]

1. Nf3 f5 2. g3 Nf6 3. Bg2 g6 4. b3 Bg7 5. Bb2 d6 6. d4 O-O 7. O-O c6 8. c4 Na6
9. Nc3 Rb8 10. Re1 b5 11. cxb5 cxb5 12. d5 b4 13. Na4 Bd7 14. Nd4 Nc7 15. Nc6
Bxc6 16. dxc6 e5 17. Qc2 Qe7 18. Rad1 Kh8 19. e4 f4 20. Qd3 Rbd8 21. Qc4 Rb8
22. Bh3 Nh5 23. Bg4 Nf6 24. Bh3 h6 25. Rd2 Nh7 26. Bg2 Ng5 27. Red1 Rf6 28. h4
Nf7 29. Nc5 Rg8 30. Nd7 g5 31. h5 g4 32. Nxf6 Qxf6 33. Qxb4 Bf8 34. Qa5 f3 35.
Qxc7 fxg2 36. Qd7 Ng5 37. Qf5 Nf3+ 38. Kxg2 Qxf5 39. exf5 Nxd2 40. Rxd2 Rg7 41.
b4 Rc7 42. b5 Kg8 43. a4 1-0

[Event "Sport Union Annen 1 - Bochumer SV 2"]
[Site "Verbandsliga - Gruppe 1 2021/"]
[Date "2022.05.29"]
[Round "5.4"]
[White "Dahlbeck, Mirko"]
[Black "Hinkmann, Jens"]
[Result "1-0"]
[WhiteElo "1919"]
[BlackElo "1993"]
[Annotator "daniel"]
[PlyCount "49"]
[EventDate "2022.??.??"]
[WhiteTeam "Sport Union Annen 1"]
[BlackTeam "Bochumer SV 2"]

1. e4 e5 2. Nf3 Nc6 3. d4 exd4 4. c3 dxc3 5. Nxc3 d6 6. Bc4 Nf6 7. Qb3 Qd7 8.
Ng5 Ne5 9. Bb5 c6 10. f4 cxb5 11. fxe5 b4 12. exf6 bxc3 13. O-O g6 14. e5 d5
$11 15. Qxc3 Qc6 16. Qg3 Bc5+ 17. Kh1 Be6 18. Bd2 Rc8 19. Rac1 Qa6 20. b4 Bd4
21. Nxe6 Rxc1 22. Ng7+ Kd8 23. Rxc1 h5 24. e6 Qb6 25. Qb8# 1-0

[Event "Sport Union Annen 1 - Bochumer SV 2"]
[Site "Verbandsliga - Gruppe 1 2021/"]
[Date "2022.05.29"]
[Round "5.5"]
[White "Goralski, Christian"]
[Black "Herrmann, Uwe"]
[Result "1-0"]
[WhiteElo "1942"]
[BlackElo "1855"]
[PlyCount "121"]
[EventDate "2022.??.??"]
[WhiteTeam "Bochumer SV 2"]
[BlackTeam "Sport Union Annen 1"]

1. e4 e6 2. d4 d5 3. Nd2 a6 4. Ngf3 c5 5. exd5 exd5 6. dxc5 Bxc5 7. Nb3 Ba7 8.
Bg5 Ne7 9. Bd3 O-O 10. O-O Nbc6 11. c3 h6 12. Bh4 Bg4 13. Re1 Qd7 14. Bxe7 Bxf3
15. Qxf3 Nxe7 16. Re5 Rad8 17. Rd1 Nc6 18. Rxd5 Qe7 19. Qe4 Qxe4 20. Bxe4 Rxd5
21. Bxd5 Rd8 22. Rd2 Re8 23. Kf1 Nd8 24. Nd4 Kf8 25. Nf5 Bb8 26. Bb3 g6 27. Nd6
Re7 28. Nc8 Re8 29. Nd6 Re7 30. Nf5 Re8 31. Nd4 Bf4 32. Rd1 h5 33. g3 Bh6 34.
f4 Bg7 35. Nf3 Bf6 36. Rd7 Kg7 37. Ng5 Bxg5 38. fxg5 Kf8 39. h4 Kg7 40. Bd5 b5
41. Ra7 Re5 42. Bb3 Rf5+ 43. Ke2 Ne6 44. Rxa6 Nc5 45. Ra7 Ne4 46. Ke3 Nxg3 47.
a4 bxa4 48. Rxa4 Rb5 49. Rb4 Nf5+ 50. Kf4 Rxb4+ 51. cxb4 Nxh4 52. b5 Nf5 53.
Ke5 h4 54. b6 Ne7 55. Bd1 Nc6+ 56. Kd6 Na5 57. Kc5 f6 58. Bf3 fxg5 59. Kb5 Nb3
60. b7 Nd4+ 61. Kc5 1-0

[Event "Sport Union Annen 1 - Bochumer SV 2"]
[Site "Verbandsliga - Gruppe 1 2021/"]
[Date "2022.05.29"]
[Round "5.6"]
[White "Daemmrich, Lars"]
[Black "Peters, Olaf"]
[Result "1-0"]
[WhiteElo "1934"]
[BlackElo "1914"]
[PlyCount "69"]
[EventDate "2022.??.??"]
[WhiteTeam "Sport Union Annen 1"]
[BlackTeam "Bochumer SV 2"]

1. e4 c5 2. Nf3 Nc6 3. d4 cxd4 4. Nxd4 e5 5. Nxc6 bxc6 6. c4 Nf6 7. Bd3 d5 8.
cxd5 cxd5 9. exd5 Bb4+ 10. Nc3 Bxc3+ 11. bxc3 Qxd5 12. O-O O-O 13. Ba3 Bb7 14.
f3 Rfd8 15. Be2 Qa5 16. Qb3 Ba6 17. Bxa6 Qxa6 18. Rfd1 Qc6 19. Be7 Rdb8 20. Qa3
Nd5 21. Bd6 Nxc3 22. Bxb8 Qb6+ 23. Kh1 Nxd1 24. Rxd1 Rxb8 25. h3 Qc7 26. Rc1
Qd7 27. Qa5 Qe6 28. Qxa7 Re8 29. a4 g6 30. a5 Qd5 31. a6 Qa2 32. Qb7 h5 33. a7
Kg7 34. Qb8 Qd2 35. Rb1 1-0

[Event "Sport Union Annen 1 - Bochumer SV 2"]
[Site "Verbandsliga - Gruppe 1 2021/"]
[Date "2022.05.29"]
[Round "5.7"]
[White "Bautz, Volker"]
[Black "Hartung, Thomas"]
[Result "0-1"]
[WhiteElo "1791"]
[BlackElo "1862"]
[Annotator "daniel"]
[PlyCount "68"]
[EventDate "2022.??.??"]
[WhiteTeam "Bochumer SV 2"]
[BlackTeam "Sport Union Annen 1"]

1. d4 Nf6 2. Nc3 g6 3. e4 d6 4. f4 Bg7 5. Nf3 O-O 6. Bc4 c5 7. Be3 cxd4 8. Nxd4
Nc6 9. Qd2 Ng4 10. Nxc6 bxc6 11. Bg1 a5 12. h3 Nf6 13. Be3 Rb8 14. Rb1 Bd7 15.
O-O Qc8 16. Rf3 Be6 17. Bb3 c5 18. Bd5 Nxd5 19. Nxd5 Bxd5 20. exd5 Qf5 21. b3
a4 22. Re1 Rb7 23. g4 Qf6 24. f5 Qb2 25. Re2 Qxa2 26. bxa4 Qxa4 27. Kg2 Rb2 28.
Bg5 Re8 29. fxg6 hxg6 30. Ref2 Bd4 31. Qf4 $11 f6 32. Qe4 Kg7 33. Rxf6 exf6 34.
Bxf6+ Kh7 0-1

[Event "Sport Union Annen 1 - Bochumer SV 2"]
[Site "Verbandsliga - Gruppe 1 2021/"]
[Date "2022.05.29"]
[Round "5.8"]
[White "Jeschke, Holger"]
[Black "Hart, Klaus"]
[Result "0-1"]
[WhiteElo "1895"]
[BlackElo "1722"]
[PlyCount "74"]
[EventDate "2022.??.??"]
[WhiteTeam "Sport Union Annen 1"]
[BlackTeam "Bochumer SV 2"]

1. b4 a5 2. b5 b6 3. Bb2 e6 4. e3 Nf6 5. Nf3 Bb7 6. Be2 Be7 7. O-O O-O 8. c4 d5
9. d4 Nbd7 10. Nbd2 Bd6 11. Ne5 dxc4 12. Ndxc4 Be7 13. Nc6 Bxc6 14. bxc6 Nb8
15. Bf3 Nd5 16. Qa4 Re8 17. Rac1 Bf6 18. Rfd1 Qc8 19. e4 Nf4 20. e5 Bg5 21. Rb1
Be7 22. Bc1 Ng6 23. Nxb6 cxb6 24. c7 Na6 25. Bxa8 Qxa8 26. Rxb6 Nxc7 27. Bd2
Nd5 28. Rb5 Bb4 29. Bxb4 axb4 30. Ra5 Qb8 31. Rxd5 exd5 32. Rb1 Qa8 33. Qxb4
Qxa2 34. h3 Qc4 35. Qb6 Nf4 36. Qa7 Ne2+ 37. Kh2 Qxd4 0-1

[Event "SV Unser Fritz 1 - SV Günnigfeld 1"]
[Site "Verbandsliga - Gruppe 2 2021/"]
[Date "2022.05.29"]
[Round "5.1"]
[White "Freisen, Thomas"]
[Black "Distelrath, Oliver"]
[Result "1/2-1/2"]
[WhiteElo "1957"]
[BlackElo "1858"]
[Annotator "daniel"]
[PlyCount "75"]
[EventDate "2022.??.??"]
[WhiteTeam "SV Günnigfeld 1"]
[BlackTeam "SV Unser Fritz 1"]

1. e4 d6 2. d4 Nf6 3. Nc3 e5 4. Nf3 Nbd7 5. Bc4 Be7 6. O-O Nb6 7. Be2 exd4 8.
Nxd4 O-O 9. a4 a5 10. Bf4 Nfd7 11. Ndb5 Nc5 12. Be3 c6 13. Nd4 Ne6 14. Nf5 Nc5
15. Nxe7+ Qxe7 16. Qd4 Nbd7 17. Bf4 Ne5 18. Rad1 Ne6 19. Qd2 Nxf4 20. Qxf4 Be6
21. Rd2 f6 22. Rfd1 Rad8 23. Qe3 Bc4 24. Qb6 Bxe2 25. Rxe2 Nc4 26. Qb3 Qf7 27.
Rd4 Ne5 28. Qxf7+ Nxf7 29. Red2 Rfe8 30. f3 Kf8 31. Kf2 Ke7 $11 32. Ne2 Ng5 33.
Nf4 Ne6 34. Nxe6 Kxe6 35. c4 b6 36. Ke3 Rd7 37. h4 Red8 38. Rc2 1/2-1/2

[Event "SV Unser Fritz 1 - SV Günnigfeld 1"]
[Site "Verbandsliga - Gruppe 2 2021/"]
[Date "2022.05.29"]
[Round "5.2"]
[White "Nowicki, Heiko"]
[Black "Jaennekes, Oliver"]
[Result "1/2-1/2"]
[WhiteElo "1787"]
[BlackElo "1939"]
[PlyCount "28"]
[EventDate "2022.??.??"]
[WhiteTeam "SV Unser Fritz 1"]
[BlackTeam "SV Günnigfeld 1"]

1. e4 c5 2. d3 e6 3. Nf3 d5 4. Nbd2 Nc6 5. g3 Be7 6. Bg2 h5 7. h4 Nh6 8. O-O
dxe4 9. dxe4 e5 10. c3 Ng4 11. Nc4 O-O 12. Ne3 Nxe3 13. Bxe3 Bg4 14. Qc2 Qc7
1/2-1/2

[Event "SV Unser Fritz 1 - SV Günnigfeld 1"]
[Site "Verbandsliga - Gruppe 2 2021/"]
[Date "2022.05.29"]
[Round "5.3"]
[White "Markus, Peter"]
[Black "Rutz, Dirk"]
[Result "0-1"]
[WhiteElo "1845"]
[BlackElo "2003"]
[PlyCount "136"]
[EventDate "2022.??.??"]
[WhiteTeam "SV Günnigfeld 1"]
[BlackTeam "SV Unser Fritz 1"]

1. e4 c5 2. Nf3 Nc6 3. d4 cxd4 4. Nxd4 Nf6 5. Nc3 d6 6. Be2 g6 7. Be3 Bg7 8.
Qd2 Bd7 9. O-O-O O-O 10. f3 Qa5 11. Nb3 Qc7 12. Bh6 Rfc8 13. Bxg7 Kxg7 14. h4
h5 15. Kb1 Ne5 16. Nb5 Bxb5 17. Bxb5 a6 18. Be2 b5 19. Rc1 Nc4 20. Qd4 e5 21.
Qd1 a5 22. c3 a4 23. Nd2 Qc5 24. Nxc4 bxc4 25. Qd2 Rcb8 26. Ka1 Rb6 27. Rhd1
Rab8 28. Rb1 Qc7 29. Qc2 Qc6 30. Qd2 Qb5 31. Qc2 Nd7 32. Rd5 Nc5 33. a3 Qa6 34.
Ka2 Ne6 35. g3 Nc7 36. Rd2 Qb5 37. Bd1 Ra8 38. Be2 Qc5 39. Rdd1 Rb3 40. Qc1
Rab8 41. Rd2 Nb5 42. Ra1 Qe3 43. Bxc4 Rxc3 44. Rc2 Rxc4 45. Rxc4 Qb3+ 46. Kb1
Nxa3+ 47. Rxa3 Qxa3 48. Qc2 Qxf3 49. Rxa4 Qxg3 50. Ra6 Qxh4 51. Rxd6 Rb4 52.
Rd3 Qxe4 53. b3 h4 54. Kb2 Rd4 55. Rh3 Qxc2+ 56. Kxc2 g5 57. Kc3 Rd8 58. b4 Kg6
59. b5 f5 60. Rd3 Rb8 61. Rd6+ Kh5 62. Rd5 h3 63. Rxe5 h2 64. Re7 Kg4 65. Rh7
Rxb5 66. Rxh2 Kg3 67. Rh1 Kg2 68. Rh5 f4 0-1

[Event "SV Unser Fritz 1 - SV Günnigfeld 1"]
[Site "Verbandsliga - Gruppe 2 2021/"]
[Date "2022.05.29"]
[Round "5.4"]
[White "Jungbluth, Michael"]
[Black "Radi, Guenter"]
[Result "0-1"]
[WhiteElo "2003"]
[BlackElo "1857"]
[Annotator "daniel"]
[PlyCount "158"]
[EventDate "2022.??.??"]
[WhiteTeam "SV Unser Fritz 1"]
[BlackTeam "SV Günnigfeld 1"]

1. d4 d5 2. c4 Nf6 3. g3 e6 4. Bg2 c6 5. Nf3 Nbd7 6. O-O dxc4 7. a4 g6 8. Na3
Bg7 9. Nxc4 Nb6 10. Nfe5 O-O 11. e4 Nxc4 12. Nxc4 Ne8 13. e5 Qd7 14. b3 Nc7 15.
Ba3 Rd8 16. Nd6 Ne8 17. Qc2 Nxd6 18. Bxd6 Bf8 19. Bxf8 Kxf8 20. Rfd1 Qe7 21. a5
a6 22. h4 h5 23. Be4 Kg7 $11 24. Qc5 Re8 25. Ra4 Kf8 26. Rb4 Rd8 27. Qc3 Rd7
28. Rb6 Qe8 29. Kg2 Kg7 30. Rd3 Rc7 31. Qb4 Qe7 32. Qxe7 Rxe7 33. Rc3 Rd7 34.
Rc4 Kf8 35. Kf3 Kg7 36. Kf4 Kh6 37. f3 Rd8 38. g4 Rh8 39. Rc2 Rd8 40. Rb4 Rg8
41. Rg2 hxg4 42. Rxg4 Rh8 43. Kg3 Kg7 44. Rg5 Kf8 45. h5 Rxh5 46. Rxh5 gxh5 47.
Kh4 Kg7 48. Kxh5 f5 49. exf6+ Kxf6 50. f4 Ke7 51. Kg5 Kd6 52. Kf6 Kc7 53. Ke7
Rb8 54. Bg6 Bd7 55. Rc4 Rh8 56. Bf7 Rh7 57. Rc5 Rh4 58. Bxe6 Bxe6 59. Kxe6 Rxf4
60. Ke5 Rf3 61. b4 Re3+ 62. Kf4 Rb3 63. Rc4 Kd6 64. Ke4 Ke6 65. Rc5 Rxb4 66.
Rh5 Kd7 67. Rh7+ Kc8 68. Rh8+ Kc7 69. Rh7+ Kb8 70. Rh8+ Ka7 71. Rh5 Rb5 72. Rc5
Kb8 73. Kd3 Kc7 74. Kc4 b6 75. axb6+ Kxb6 76. Re5 Rxe5 77. dxe5 a5 78. e6 Kc7
79. Kb3 c5 0-1

[Event "SV Unser Fritz 1 - SV Günnigfeld 1"]
[Site "Verbandsliga - Gruppe 2 2021/"]
[Date "2022.05.29"]
[Round "5.5"]
[White "Funke, Eckhard"]
[Black "Mueller, Martin"]
[Result "0-1"]
[WhiteElo "1878"]
[BlackElo "2042"]
[PlyCount "42"]
[EventDate "2022.??.??"]
[WhiteTeam "SV Günnigfeld 1"]
[BlackTeam "SV Unser Fritz 1"]

1. d4 f5 2. e4 fxe4 3. Nc3 Nf6 4. Bg5 Nc6 5. Bxf6 exf6 6. Qh5+ g6 7. Qd5 f5 8.
Bc4 Qf6 9. O-O-O Nd8 10. Nh3 Bh6+ 11. Kb1 d6 12. Rhe1 Be6 13. Nxe4 fxe4 14.
Qxe4 Kd7 15. Bxe6+ Nxe6 16. d5 Nc5 17. Qe2 Rhe8 18. Qb5+ c6 19. dxc6+ bxc6 20.
Qa5 Bg7 21. c3 Qf5+ 0-1